| 000 | 02018nam0a22004211 4500 | ||
|---|---|---|---|
| 001 | RU\NLR\A1\29549 | ||
| 005 | 20251203152403.2 | ||
| 035 | _a(NLR Aleph) 009682085 | ||
| 090 |
_a9705876 _c9705876 |
||
| 100 | _a20011109d1797 u y0rusy50 ca | ||
| 101 | 0 | _arus | |
| 102 | _aRU | ||
| 200 | 1 | _aФилософ горы Алаунской*, или Мысли при известии о смерти великия Екатерины | |
| 210 |
_a[М. _cУнив. тип., у Ридигера и Клаудия _d1797] |
||
| 215 |
_a12 с. _d8° |
||
| 303 | _aБез тит. л. | ||
| 304 | _aВ конце текста: П. к. й. 1796 года, ноября 13 дня, при подошве горы Утлы | ||
| 304 | _aК слову "Алаунской" дана сноска: Смотри пространное землеописание Российск. государства $ 14 | ||
| 305 | _aВпервые напеч. в журн.: Приятное и полезное препровождение времени. 1796. Ч.12. | ||
| 306 | _aДатировано по объявл. о выходе брошюры в свет в газ.: Моск. ведомости. 1797. N 6. 21 янв. | ||
| 321 | 1 | _aСК XVIII 5450 | |
| 517 | 1 | _aМысли при известии о смерти великия Екатерины | |
| 600 | 0 |
_aЕкатерина _dII _cимп. _f1729-1796 |
|
| 620 | _dМосква | ||
| 700 | 1 |
_6z01790 _aПокровский _bФ.Г. _f1763-ок. 1843 _gФеофилакт Гаврилович _4070 |
|
| 702 | 1 |
_aРидигер _bХ. _gХристиан _4610 |
|
| 702 | 1 |
_aКлаудий _bХ.А. _f-1805 _gХристофор Александрович _4610 |
|
| 712 | 0 | 2 |
_aМосковский университет _bТипография _4610 |
| 790 | 0 |
_6z01700 _aП. к. й. _4070 |
|
| 801 | 0 |
_aRU _bNLR _c20011109 |
|
| 899 | _aРГБ | ||
| 899 | _aМГУ | ||
| 899 | _aРГБ | ||
| 899 | _aМГУ | ||
| 942 | _cBOOK | ||
| 980 | _aNB | ||
| 980 | _aA1XVIIIv | ||